000 00950nam a22002297a 4500
999 _c13877
_d13877
003 AR-CdUCM
008 190416b ||||| |||| 00| 0 spa d
040 _aMUNICIPALIDAD PROVINCIAL DEL CUSCO
_cBIBLIOTECA MUNICIPAL DEL CUSCO
041 _hger
082 _a508.2 /
_bH22 / 1961
_22ed.
100 _aHartmann, Max
_932476
245 _aEl sexo y su determinación en animales y vegetales /
260 _aMéxico D. F :
_bUnión Tipográfica Hispano Americana,
_c1961.
300 _a134 páginas ;
_bIlustraciones,
_c17 cm.
440 _aManuales Uteha
_n56
_932477
505 _aContenido: Preámbulo y nomenclatura -- Doble sexualidad bipolar general -- Los cuatro tipos de división sexual y de determinación del sexo -- Hormonas sexuales y su acción en el desarrollo fisiológico ...
650 _aSexo
_92351
650 _aCausa y determinación
_932478
650 _aBipolaridad
_932479
942 _2ddc
_cLIBROS
945 _acmm
_d2019-04-16